Normal view
MARC view
- Alexander, Charles K
Entry Personal Name
001 - CONTROL NUMBER
- control field: 83822
003 - CONTROL NUMBER IDENTIFIER
- control field: NUST
005 - DATE AND TIME OF LATEST TRANSACTION
- control field: 20211110153133.0
008 - FIXED-LENGTH DATA ELEMENTS
- fixed length control field: 211110|| aca||aabn | a|a d
040 ## - CATALOGING SOURCE
- Original cataloging agency: NUST
- Transcribing agency: NUST
100 ## - HEADING--PERSONAL NAME
- Personal name: Alexander, Charles K
670 ## - SOURCE DATA FOUND
- Source citation: Work cat.: (NUST): Alexander, Charles K, Fundamentals of Electric Circuits, 2017
